Statistiques concernant Devinez le Département Mystère #83

Cliquez ici pour prendre le quiz!

Statistiques générales

  • Ce quiz a été pris 115 fois
  • Le résultat moyen est 28 sur 32

Statistiques - réponses

Type de RéponseRéponse% Correct
Lettre TrouvéeE
100%
Lettre de l'AlphabetN
100%
Lettre TrouvéeO
99%
Lettre TrouvéeR
99%
Lettre de l'AlphabetA
97%
Lettre de l'AlphabetI
97%
Lettre de l'AlphabetS
97%
Lettre Bien PlacéeE
96%
Lettre de l'AlphabetH
96%
Lettre de l'AlphabetL
93%
Lettre de l'AlphabetC
92%
Lettre de l'AlphabetT
92%
Lettre de l'AlphabetU
92%
Lettre TrouvéeD
90%
Lettre TrouvéeM
90%
Lettre de l'AlphabetV
89%
Lettre de l'AlphabetB
88%
Lettre de l'AlphabetP
88%
Lettre Bien PlacéeÔ
86%
Lettre de l'AlphabetG
85%
Lettre de l'AlphabetY
85%
Lettre de l'AlphabetF
83%
Lettre de l'AlphabetQ
83%
Lettre de l'AlphabetJ
82%
Lettre Bien PlacéeM
82%
Lettre Bien PlacéeD
79%
Lettre de l'AlphabetX
79%
Lettre de l'AlphabetZ
79%
Département MystèreDrôme
78%
Lettre de l'AlphabetK
78%
Lettre Bien PlacéeR
78%
Lettre de l'AlphabetW
78%

Distribution des résultats

Percentile par nombre de réponses

% des personnes avec chaque résultat

Votre développement - résultats

Vous n’avez pas pris ce quiz